[Event "TCh-ISR 2008-9"]
[Site "Israel ISR"]
[Date "2008.12.12"]
[Round "1"]
[White "Murey,J"]
[Black "Livshits,G"]
[Result "0-1"]
[WhiteElo "2409"]
[BlackElo "2427"]

1.d4 Nf6 2.c4 g6 3.Nc3 d5 4.cxd5 Nxd5 5.e4 Nxc3 6.bxc3 Bg7 7.Ba3 O-O 8.Bd3 b6
9.Ne2 c5 10.O-O Nc6 11.Bb5 Qc7 12.dxc5 Ne5 13.cxb6 axb6 14.Bb4 Rd8 15.Qc2 Ng4
16.g3 Bb7 17.Nf4 Qe5 18.Qe2 Nf6 19.f3 g5 20.Ng2 g4 21.fxg4 Nxe4 22.Rad1 Nxc3
23.Qxe5 Bxe5 24.Bxc3 Bxc3 25.Bc4 e6 26.h3 Rd4 27.Rxd4 Bxd4+ 28.Kh2 Rc8 29.Bb3 Rc3
30.Nf4 Ba6 31.Rd1 e5 32.Nd5 Rf3 33.Rd2 Kf8 34.Kg2 Rxb3 35.axb3 Bb7 36.b4 Bxd5+
37.Kh2 b5 38.g5 Kg7 39.h4 Kg6 40.g4 h6 41.gxh6 Kxh6 42.Rd3 Bc4 43.Ra3 Bf2
44.Ra6+ Kg7 45.h5 Be1 46.g5 Bd2 47.g6 fxg6 48.Rxg6+ Kh7 49.Kg3 Bxb4 50.Rc6 Bd2
51.Kg4 Be2+ 52.Kf5 Bf4 53.Rb6 Bd3+ 54.Kg4 Be3 55.Rd6 Be2+ 56.Kf5 Bf4 57.Rb6 Kg7
58.Rb7+ Kf8 59.Rb8+ Ke7 60.Rb6 Bd3+ 61.Kg4 Be3 62.Rb7+ Kf6 63.Kf3 Bh6  0-1

[Event "XXI Carlos Torre"]
[Site "Merida MEX"]
[Date "2008.12.13"]
[Round "1"]
[White "Escobedo Tinajero,A"]
[Black "Solis Luna,Jo"]
[Result "1-0"]
[WhiteElo "2356"]
[BlackElo "1995"]

1.d4 Nf6 2.c4 g6 3.Nc3 d5 4.cxd5 Nxd5 5.e4 Nxc3 6.bxc3 Bg7 7.Nf3 c5 8.Rb1 O-O
9.Be2 cxd4 10.cxd4 Qa5+ 11.Bd2 Qxa2 12.O-O a5 13.Qc1 Qe6 14.Bc4 Qd7 15.d5 Na6
16.Bxa5 Nc7 17.Bb6 e6 18.Bd3 Na6 19.Bb5 Qd6 20.Bxa6  1-0

[Event "III Open"]
[Site "Palma de Mallorca ESP"]
[Date "2008.12.13"]
[Round "8"]
[White "Henrichs,T"]
[Black "Durarbeyli,V"]
[Result "1/2-1/2"]
[WhiteElo "2485"]
[BlackElo "2434"]

1.d4 Nf6 2.c4 g6 3.Nc3 d5 4.cxd5 Nxd5 5.e4 Nxc3 6.bxc3 Bg7 7.Bc4 c5 8.Ne2 O-O
9.O-O Nc6 10.Be3 Bd7 11.Rb1 Qc7 12.Bd3 Rfd8 13.Bf4 Qc8 14.d5 Ne5 15.Bxe5 Bxe5
16.f4 Bg7 17.c4 b5 18.Qc2 b4 19.e5 Qa6 20.Ng3 Rac8 21.Qe2 e6 22.Rbc1 Qb6
23.Kh1 f5 24.Qf3 a5 25.Rfd1 a4 26.Nf1 b3 27.axb3 axb3 28.Ne3 Qb4 29.Qe2 Bh6
30.g3 Ra8 31.Rd2 Ra3 32.Bb1 b2 33.Rcd1 Qb7 34.Kg1 Ba4 35.Rf1 Qb4 36.g4 Kh8
37.gxf5 gxf5 38.Kh1 Rg8 39.Nc2 Bxc2 40.Rxc2 exd5 41.Rxb2 Qxc4 42.Qxc4 dxc4
43.Rb6 Bg7 44.Rc6 Ra5 45.Bxf5 Rf8 46.Rc8 Rxc8  1/2-1/2

[Event "XXI Carlos Torre KO"]
[Site "Merida MEX"]
[Date "2008.12.17"]
[Round "1.1"]
[White "Almeida Quintana,O"]
[Black "Geetha Narayanan,G"]
[Result "1/2-1/2"]
[WhiteElo "2519"]
[BlackElo "2548"]

1.d4 Nf6 2.c4 g6 3.Nc3 d5 4.cxd5 Nxd5 5.e4 Nxc3 6.bxc3 Bg7 7.Bc4 c5 8.Ne2 Nc6
9.Be3 O-O 10.O-O Na5 11.Bd3 b6 12.Qd2 cxd4 13.cxd4 e6 14.Bh6 Bb7 15.Bxg7 Kxg7
16.Rac1 Rc8 17.Rxc8 Bxc8 18.Qf4 Bb7 19.Rc1 Qf6 20.Rc7 Qxf4 21.Nxf4 Kg8 22.f3 Rc8
23.Rxc8+ Bxc8 24.Kf2 Kf8 25.Ke3 Ke7 26.h4 Nc6 27.a3 e5 28.Ne2  1/2-1/2

[Event "10th Mirko Srajber Mem"]
[Site "Subotica SRB"]
[Date "2008.12.18"]
[Round "2"]
[White "Manolache,M"]
[Black "Roganovic,Milo"]
[Result "1/2-1/2"]
[WhiteElo "2494"]
[BlackElo "2458"]

1.d4 Nf6 2.c4 g6 3.Nc3 d5 4.cxd5 Nxd5 5.e4 Nxc3 6.bxc3 Bg7 7.Bg5 c5 8.Rc1 Qa5
9.Qd2 cxd4 10.cxd4 Qxd2+ 11.Bxd2 O-O 12.d5 e6 13.Bb5 Bd7 14.Bxd7 Nxd7 15.dxe6 Ne5
16.Rc7 Rac8 17.Rxc8 Rxc8 18.f4 Nd3+ 19.Ke2 Nc5 20.exf7+ Kxf7 21.e5 Ne6 22.Kd1 Bf8
23.Ne2 Nc5 24.Nc3 a6 25.g4 Ke6 26.Ke2 b5 27.Rc1 Rd8 28.Be3 g5 29.Bxc5 Bxc5
30.Nxb5 axb5 31.Rxc5 gxf4 32.Kf3 Rd2 33.h4 Rxa2 34.Kxf4 Ra4+ 35.Kg5 Rb4 36.Kh5 Rb1
37.g5 b4 38.Kh6 b3 39.Rb5 Rh1 40.Kxh7 Rxh4+ 41.Kg7 Rh3 42.g6 Rg3 43.Kh7 Rh3+
44.Kg8 Rg3 45.Kg7 Rh3 46.Kf8 Rh8+ 47.Kg7 Rh3 48.Kg8 Rg3 49.g7 Rf3 50.Kh7 Rh3+
51.Kg6 Rg3+ 52.Kh6 Rh3+ 53.Kg6 Rg3+ 54.Kh7 Rh3+ 55.Kg8 Rf3 56.Rb4 Kxe5 57.Rh4 b2
58.Kh8 Rg3 59.Rb4 Rh3+ 60.Kg8 Rh2 61.Rb3 Kd4 62.Rb8 Rg2 63.Kf7 Rxg7+ 64.Kxg7 Kc3
65.Rxb2 Kxb2  1/2-1/2

[Event "TCh-ISR 2008-9"]
[Site "Israel ISR"]
[Date "2008.12.19"]
[Round "3"]
[White "Tarnopolsky,A"]
[Black "Popilski,G"]
[Result "0-1"]
[WhiteElo "2301"]
[BlackElo "2394"]

1.d4 Nf6 2.c4 g6 3.Nc3 d5 4.cxd5 Nxd5 5.e4 Nxc3 6.bxc3 Bg7 7.Nf3 c5 8.Rb1 O-O
9.Be2 Nc6 10.d5 Ne5 11.Nxe5 Bxe5 12.Qd2 e6 13.f4 Bc7 14.O-O exd5 15.exd5 Ba5
16.d6 b6 17.Bb2 Bf5 18.Rbd1 Qd7 19.Bf3 Rae8 20.Rfe1 c4 21.Ba3 Rxe1+ 22.Rxe1 Be6
23.h3 b5 24.g4 Bd8 25.Qg2 a5 26.Bc5 Bh4 27.Bc6 Qc8 28.Re5 Bf6 29.Bb7 Qd7
30.Re3 b4 31.Kh2 Qb5 32.Bd4 Bxd4 33.cxd4 Qb6 34.f5 Bc8 35.Bd5 Qxd6+ 36.Kh1 c3
37.Re5 Kg7 38.fxg6 hxg6 39.Qe4 Rd8 40.Kg1 c2 41.Qxc2 f6 42.Re4 Qxd5 43.Qc7+ Kg8
44.Re7 Qxd4+ 45.Kg2 Qd2+ 46.Kg1 Qd1+ 47.Kf2 Rd2+ 48.Kg3 Qg1+ 49.Kf3 Qf2+  0-1

[Event "35th ch-IND w National A"]
[Site "New Delhi IND"]
[Date "2008.12.19"]
[Round "2"]
[White "Mohota,N"]
[Black "Kiran,M"]
[Result "0-1"]
[WhiteElo "2311"]
[BlackElo "2198"]

1.d4 Nf6 2.c4 g6 3.Nc3 d5 4.cxd5 Nxd5 5.e4 Nxc3 6.bxc3 Bg7 7.Bc4 c5 8.Ne2 O-O
9.O-O Nc6 10.Be3 Bd7 11.Rb1 Qc7 12.Bd3 Rad8 13.Qc2 Bc8 14.f4 Na5 15.dxc5 Be6
16.Bd4 Bc4 17.Bxc4 Nxc4 18.Rb4 Bxd4+ 19.cxd4 Ne3 20.Qb3 Nxf1 21.Kxf1 b6 22.cxb6 axb6
23.a4 Ra8 24.Rxb6 Rxa4 25.Rxg6+ hxg6 26.Qxa4 Qb7 27.d5 Ra8 28.Qc4 Qb6 29.g3 Qb1+
30.Kf2 Ra1 31.Qc3 Qf1+ 32.Ke3 Ra2 33.Qc8+ Kh7 34.Qc4 Ra3+ 35.Kd2 Ra7 36.h4 Qb1
37.h5 gxh5 38.e5 Ra2+ 39.Ke3 Qb6+ 40.Kf3 Ra3+ 41.Kg2 Qg6 42.Kf2 Qd3 43.Qxd3+ Rxd3
44.Kg2 Kg6 45.Ng1 Kf5 46.Nf3 Rxd5 47.Kh3 Rd3 48.Nh4+ Ke4 49.e6 fxe6 50.Ng6 Kf5
51.Nxe7+ Kf6 52.Nc6 Rc3 53.Ne5 Kf5 54.Nf7 Rc2 55.Nd6+ Kg6 56.Ne4 Re2 57.Nc5 Kf5
58.Nd7 h4 59.gxh4 Kxf4 60.Nc5 Re3+ 61.Kg2 Kf5 62.h5 Rc3 63.Nd7 Rc7 64.Nf8 Rf7
65.Ng6 Rh7 66.Nh4+ Kg4  0-1

[Event "15th Croatian Open A"]
[Site "Zadar CRO"]
[Date "2008.12.19"]
[Round "8"]
[White "Saric,A"]
[Black "Fercec,N"]
[Result "1/2-1/2"]
[WhiteElo "2505"]
[BlackElo "2481"]

1.d4 Nf6 2.c4 g6 3.Nc3 d5 4.cxd5 Nxd5 5.e4 Nxc3 6.bxc3 Bg7 7.Bc4 c5 8.Ne2 O-O
9.O-O Nc6 10.Be3 Na5 11.Bd3 b6 12.Qd2 cxd4 13.cxd4 e6 14.Bh6 Bxh6 15.Qxh6 Bb7
16.Rad1 Qe7 17.h4  1/2-1/2

[Event "4 Nations"]
[Site "Donostia ESP"]
[Date "2008.12.20"]
[Round "2"]
[White "Peralta,Fe"]
[Black "Lopez Martinez,Josep"]
[Result "1-0"]
[WhiteElo "2557"]
[BlackElo "2547"]

1.d4 Nf6 2.c4 g6 3.Nc3 d5 4.cxd5 Nxd5 5.e4 Nxc3 6.bxc3 Bg7 7.Nf3 c5 8.Rb1 O-O
9.Be2 b6 10.O-O Bb7 11.Qd3 e6 12.Bg5 Qc7 13.Qe3 Nd7 14.Bf4 e5 15.Bg3 Rae8
16.Bb5 Bc6 17.Bxc6 Qxc6 18.d5 Qa4 19.Nd2 f5 20.Bh4 Bf6 21.Bxf6 Nxf6 22.f3 fxe4
23.fxe4 Nh5 24.g3 Qxa2 25.Nf3 Qa4 26.Qh6 Qd7 27.Nxe5 Qe7 28.Nf3 Qxe4 29.Rbe1 Qxd5
30.Rxe8 Rxe8 31.Ng5 Qd7 32.Rf7 Qxf7 33.Nxf7 Kxf7 34.Qxh7+ Ng7 35.Qh4 Re7
36.Qf4+ Ke6 37.g4 Ne8 38.h4 Nf6 39.Qc4+ Ke5 40.Kg2 Nd5 41.Qe2+ Kd6 42.Qd3 Ke5
43.Kg3 Re6 44.c4 Ne7 45.Qd7 a5 46.Qc7+ Kf6 47.Kf4 Rc6 48.Qd8 Kf7 49.Kg5 Re6
50.Qc7 a4 51.Qa7 Rd6 52.Qxa4 Nc6 53.h5 gxh5 54.gxh5 Ne7 55.Qa7 Rf6 56.Qc7 Rf5+
57.Kg4 Rf6 58.Kg5 Rf5+ 59.Kh4 Rf6 60.Kg4 Rc6 61.Qe5 Re6 62.Qf4+ Rf6 63.Qb8 Ng8
64.Kg5 Re6 65.Qc7+ Ne7 66.h6 Kg8 67.Qd8+ Kh7 68.Qf8 Re5+ 69.Kg4  1-0

[Event "8th Amplico AIG Life Rapid"]
[Site "Warsaw POL"]
[Date "2008.12.20"]
[Round "5"]
[White "Moranda,W"]
[Black "Krasenkow,M"]
[Result "0-1"]
[WhiteElo "2536"]
[BlackElo "2624"]

1.d4 Nf6 2.c4 g6 3.Nc3 d5 4.cxd5 Nxd5 5.e4 Nxc3 6.bxc3 Bg7 7.Bc4 c5 8.Ne2 O-O
9.O-O Nc6 10.Be3 Na5 11.Bd3 b6 12.Rc1 Qc7 13.Nf4 e6 14.e5 Bb7 15.Qg4 Nc6
16.h4 Ne7 17.h5 Nf5 18.Bxf5 gxf5 19.Qh3 h6 20.Kh2 Kh7 21.Rg1 Rg8 22.f3 Bf8
23.g4 fxg4 24.Rxg4 Be7 25.Ng6 Bg5 26.f4 fxg6 27.hxg6+ Rxg6 28.Rxg5 Rag8 29.Rcg1 Qf7
30.Qh4 cxd4 31.cxd4 Qe7 32.f5 Rxg5  0-1

[Event "8th Amplico AIG Life Rapid"]
[Site "Warsaw POL"]
[Date "2008.12.20"]
[Round "7"]
[White "Ipatov,A UKR"]
[Black "Gluszko,T"]
[Result "1-0"]
[WhiteElo "2472"]
[BlackElo "2193"]

1.d4 Nf6 2.c4 g6 3.Nc3 d5 4.cxd5 Nxd5 5.e4 Nxc3 6.bxc3 Bg7 7.Ba3 O-O 8.Qb3 b6
9.Rd1 Nc6 10.Be2 Na5 11.Qb1 Be6 12.Nf3 Bc4 13.Bxc4 Nxc4 14.Qb4 Nxa3 15.Qxa3 c5
16.d5 Qd6 17.c4 e6 18.O-O exd5 19.exd5 Rfe8 20.Rfe1 Rxe1+ 21.Rxe1 h6 22.Qa6 Qd7
23.g3 Kf8 24.Kg2 Re8 25.Rxe8+ Kxe8 26.Qa3 Kd8 27.h4 Kc8 28.Qe3 Kb7 29.Qf4 b5
30.Nd2 Bd4 31.Qe4 f5 32.Qb1 a6 33.Nb3 Kb6 34.Nxd4 cxd4 35.Qb4 Kb7 36.a4 d3
37.axb5 axb5 38.Kf3 Kb6 39.c5+ Kc7 40.Qd4 b4 41.d6+ Kc8 42.Qxb4 Qc6+ 43.Ke3 Qd5
44.Kd2 f4 45.gxf4 Qf3 46.d7+ Kxd7 47.Qd4+ Ke6 48.Qe3+  1-0

[Event "8th Amplico AIG Life Rapid"]
[Site "Warsaw POL"]
[Date "2008.12.20"]
[Round "7"]
[White "Jegorovas,A"]
[Black "Malisauskas,V"]
[Result "0-1"]
[WhiteElo "2303"]
[BlackElo "2479"]

1.d4 Nf6 2.c4 g6 3.Nc3 d5 4.cxd5 Nxd5 5.e4 Nxc3 6.bxc3 Bg7 7.Nf3 c5 8.h3 O-O
9.Be2 b6 10.O-O Bb7 11.Qd3 Ba6 12.Qe3 cxd4 13.cxd4 Qd7 14.Bxa6 Nxa6 15.Qe2 Qa4
16.Bg5 Rfe8 17.Rac1 h6 18.Bh4 e6 19.Rc4 Qa5 20.Rfc1 b5 21.R4c2 Qa4 22.Bg3 Rad8
23.Rd2 Rc8 24.Rxc8 Rxc8 25.d5 Rc1+ 26.Kh2 Nc5 27.d6 Nd7 28.Qd3 Bc3 29.Re2 Qd1
30.Qxd1 Rxd1 31.e5 b4 32.Re4 Nb6 33.Bf4 g5 34.Be3 f5 35.exf6 Rxd6 36.h4 Nd5
37.hxg5 Nxe3 38.Rxe3 hxg5 39.Nxg5 Bd2 40.f7+ Kf8 41.Nh7+ Kxf7 42.Rf3+ Kg6
43.Nf6 Rd4 44.Kg3 Bc3 45.Ng4 Rd2 46.a3 a5 47.Re3 Rd6 48.axb4 axb4 49.Ne5+ Kf5
50.Nf3 Rc6 51.Rd3 b3 52.Nd4+ Ke4  0-1

[Event "8th Amplico AIG Life Rapid"]
[Site "Warsaw POL"]
[Date "2008.12.20"]
[Round "7"]
[White "Swiech,Pr"]
[Black "Schmidt,Wl"]
[Result "0-1"]
[WhiteElo "2119"]
[BlackElo "2399"]

1.d4 Nf6 2.c4 g6 3.Nc3 d5 4.cxd5 Nxd5 5.e4 Nxc3 6.bxc3 Bg7 7.Bc4 c5 8.Ne2 Nc6
9.Be3 O-O 10.O-O Na5 11.Bd3 b6 12.dxc5 bxc5 13.Bxc5 Qc7 14.Bd4 e5 15.Be3 Be6
16.Qa4 Nc4 17.Bxc4 Bxc4 18.Rfe1 Rfd8 19.Nc1 a6 20.Nb3 Bf8 21.Qa5 Qxa5 22.Nxa5 Rac8
23.f3 Rd3 24.Nxc4 Rxc4 25.Bg5 Kg7 26.Reb1 Rdxc3 27.Rb6 Bc5+  0-1

[Event "8th Amplico AIG Life Rapid"]
[Site "Warsaw POL"]
[Date "2008.12.20"]
[Round "7"]
[White "Nowak,Mal"]
[Black "Brendel,O"]
[Result "1-0"]
[WhiteElo "2082"]
[BlackElo "2389"]

1.d4 Nf6 2.c4 g6 3.Nc3 d5 4.cxd5 Nxd5 5.e4 Nxc3 6.bxc3 Bg7 7.Qa4+ c6 8.Be3 O-O
9.Nf3 c5 10.Be2 Bd7 11.Qa3 cxd4 12.cxd4 Bg4 13.Rd1 Nc6 14.e5 a5 15.O-O Nb4
16.Qb2 Qd7 17.Rc1 Rfc8 18.a3 Nd5 19.Bd2 Bxf3 20.Bxf3 e6 21.Be2 Bf8 22.Bb5 Qd8
23.Rxc8 Rxc8 24.Rc1 Rxc1+ 25.Qxc1 Qb6 26.Qb2 Bxa3 27.Qxa3 Qxb5 28.h3 Nb4
29.Bh6 b6 30.Qc1 Qc6 31.Qg5  1-0

[Event "Open"]
[Site "Pamplona ESP"]
[Date "2008.12.23"]
[Round "3"]
[White "Ugalde Ezcurra,J"]
[Black "Djingarova,E"]
[Result "1-0"]
[WhiteElo "2158"]
[BlackElo "2352"]

1.d4 Nf6 2.c4 g6 3.Nc3 d5 4.cxd5 Nxd5 5.e4 Nxc3 6.bxc3 Bg7 7.Nf3 c5 8.Rb1 O-O
9.Be2 Nc6 10.d5 Ne5 11.Nxe5 Bxe5 12.Qd3 e6 13.f4 Bg7 14.d6 e5 15.O-O b6 16.f5 Bb7
17.Be3 c4 18.Qxc4 Qxd6 19.Rbd1 Qe7 20.Qa4 Qh4 21.Rd7 Bc8 22.Rxf7 Rxf7 23.Bc4 Bxf5
24.Bxf7+ Kh8 25.Bd5 Rd8 26.Qc6 Bg4 27.Qc7 Rd7 28.Qb8+ Rd8 29.Qxa7 Be2 30.Bf2 Rf8
31.Qxb6 Qg5 32.Re1 Qd2 33.h3 Bh6 34.Qe6 Bg7 35.Bg3 Qxc3 36.Kh2 Bd3 37.Re3 Qd4
38.Rf3 Rd8 39.Bh4 Rb8 40.Bf6 Be2 41.Bxg7+ Kxg7 42.Qe7+  1-0

[Event "Christmas Master Open"]
[Site "Zurich SUI"]
[Date "2008.12.26"]
[Round "1"]
[White "Andrist,P"]
[Black "Baramidze,D"]
[Result "0-1"]
[WhiteElo "2154"]
[BlackElo "2557"]

1.d4 Nf6 2.c4 g6 3.Nc3 d5 4.cxd5 Nxd5 5.e4 Nxc3 6.bxc3 Bg7 7.Bc4 c5 8.Ne2 Nc6
9.Be3 O-O 10.Rc1 Na5 11.Bd3 cxd4 12.cxd4 e6 13.O-O b6 14.e5 Bb7 15.Ng3 Qd5
16.Be4 Qxa2 17.Qg4 Rfc8 18.h4 Rxc1 19.Rxc1 Rc8 20.Rxc8+ Bxc8 21.Qg5 Qa3 22.Qd8+ Qf8
23.Qc7 h6 24.Nf1 Qe8 25.Qxa7 Nc4 26.Qc7 Ba6 27.g3 Qa4 28.h5 Nxe5 29.hxg6 Nxg6
30.Qxb6 Qa1 31.Qb1 Qxb1 32.Bxb1 Ne7 33.Be4 Bc4 34.Nd2 Bd5 35.Bxd5 Nxd5 36.Kg2 f5
37.Kf3 h5 38.Nb3 Kf7 39.Nc5 Ne7 40.Nb3 Nc6 41.Ke2 Bf6 42.Kf3 Ke7 43.Ke2 Kd6
44.Kd3 Kd5 45.f3 Bg7 46.Bf2 Bh8 47.Be3 Bf6 48.Bf2 f4 49.gxf4 h4 50.Kc3 h3
51.Bg3 Nxd4 52.Nxd4 Bxd4+ 53.Kd3 Bg1  0-1

[Event "Christmas Master Open"]
[Site "Zurich SUI"]
[Date "2008.12.27"]
[Round "2"]
[White "Hobuss,U"]
[Black "Fleischer,Eu"]
[Result "1-0"]
[WhiteElo "2405"]
[BlackElo "2030"]

1.d4 g6 2.c4 Nf6 3.Nc3 d5 4.cxd5 Nxd5 5.e4 Nxc3 6.bxc3 Bg7 7.Bc4 O-O 8.Ne2 c5
9.O-O Nc6 10.Be3 Qc7 11.Rc1 Rd8 12.Bf4 Qa5 13.Qb3 Rf8 14.Rfd1 cxd4 15.cxd4 e5
16.dxe5 Qb6 17.e6 fxe6 18.Bxe6+ Kh8 19.Be3 Bxe6 20.Qxe6 Qa6 21.Qc4 Qxc4 22.Rxc4 Ne5
23.Rc7 b6 24.Rxg7  1-0

[Event "III Illes Medes Open"]
[Site "L'Estartit ESP"]
[Date "2008.12.28"]
[Round "3"]
[White "Demuth,A"]
[Black "Djuric,S"]
[Result "0-1"]
[WhiteElo "2332"]
[BlackElo "2463"]

1.d4 Nf6 2.c4 g6 3.Nc3 d5 4.cxd5 Nxd5 5.e4 Nxc3 6.bxc3 Bg7 7.Nf3 O-O 8.Be2 Nc6
9.e5 Na5 10.Be3 b6 11.Qd2 c5 12.Rd1 cxd4 13.cxd4 Qd5 14.Bh6 Nc4 15.Qf4 Qa5+
16.Kf1 Ba6 17.h4 Nb2 18.Rd2 Bxe2+ 19.Rxe2 Nd3 20.Qe3 Qb5 21.Bxg7 Kxg7 22.g3 Nb4
23.h5 Nd5 24.Qd2 Qb4 25.Qd3 Rac8 26.Kg2 Qc4 27.Qe4 Nc3 28.Qh4 Nxe2 29.hxg6 h5
30.Qxh5 Rh8 31.Qg4 Qe6  0-1

[Event "5th Open"]
[Site "Vandoeuvre les Nancy FRA"]
[Date "2008.12.29"]
[Round "8"]
[White "Gozzoli,Y"]
[Black "Jeitz,C"]
[Result "1-0"]
[WhiteElo "2503"]
[BlackElo "2251"]

1.d4 Nf6 2.c4 g6 3.Nc3 d5 4.cxd5 Nxd5 5.e4 Nxc3 6.bxc3 Bg7 7.Bc4 c5 8.Ne2 O-O
9.O-O Nc6 10.Be3 Na5 11.Bd3 b6 12.Rb1 cxd4 13.cxd4 e6 14.Qd2 Bb7 15.h4 e5
16.Bg5 f6 17.Bh6 exd4 18.Bxg7 Kxg7 19.h5 Qd6 20.Nf4 g5 21.Ne2 h6 22.f4 Rae8
23.Ng3 Bc8 24.e5 fxe5 25.Ne4 Qe7 26.fxg5 hxg5 27.Nxg5 Rf4 28.Rbe1 Rxf1+ 29.Rxf1 Rf8
30.h6+ Kg8 31.h7+ Kg7 32.Rxf8 Qxf8 33.Nf7  1-0

[Event "1st Asian Clubs"]
[Site "Al Ain UAE"]
[Date "2008.12.30"]
[Round "6"]
[White "Pashikian,A"]
[Black "Li Chao2"]
[Result "1/2-1/2"]
[WhiteElo "2611"]
[BlackElo "2622"]

1.d4 Nf6 2.c4 g6 3.Nc3 d5 4.cxd5 Nxd5 5.e4 Nxc3 6.bxc3 Bg7 7.Be3 c5 8.Nf3 Qa5
9.Qd2 O-O 10.Rc1 Rd8 11.d5 e6 12.Be2 f5 13.Bg5 Rf8 14.Be3 Rd8 15.Bg5 Rf8
16.Be3  1/2-1/2

[Event "Open A"]
[Site "Groningen NED"]
[Date "2008.12.30"]
[Round "9"]
[White "Hoffmann,Micha1"]
[Black "Bok,B"]
[Result "1-0"]
[WhiteElo "2469"]
[BlackElo "2265"]

1.d4 Nf6 2.c4 g6 3.Nc3 d5 4.cxd5 Nxd5 5.e4 Nxc3 6.bxc3 Bg7 7.Be3 c5 8.Rc1 Qa5
9.Qd2 O-O 10.Nf3 Rd8 11.d5 e6 12.Be2 exd5 13.exd5 Bg4 14.c4 Qa3 15.O-O Bxf3
16.Bxf3 Nc6 17.dxc6 Rxd2 18.cxb7 Rad8 19.Bxd2 Be5 20.Bh6 Qxa2 21.Rfd1 Rb8
22.Rd7 Bd4 23.Rxd4 cxd4 24.c5 d3 25.c6 d2 26.c7 dxc1=Q+ 27.Bxc1 Rf8 28.c8=Q Qb1
29.g3  1-0

[Event "Czech Christmas"]
[Site "Litomysl CZE"]
[Date "2008.12.30"]
[Round "6"]
[White "Strebkovs,A"]
[Black "Zakharchenko,A"]
[Result "1-0"]
[WhiteElo "2441"]
[BlackElo "2288"]

1.d4 Nf6 2.c4 g6 3.Nc3 d5 4.cxd5 Nxd5 5.e4 Nxc3 6.bxc3 Bg7 7.Nf3 O-O 8.Rb1 c5
9.Be2 Nc6 10.d5 Ne5 11.Nxe5 Bxe5 12.Qd2 e6 13.f4 Bc7 14.O-O exd5 15.exd5 Bf5
16.Rxb7 Bb6 17.d6 c4+ 18.Kh1 Bc5 19.Rd1 Rc8 20.d7 Rc6 21.Qd5 Rb6 22.Rxb6  1-0

[Event "Masters"]
[Site "Hastings ENG"]
[Date "2008.12.31"]
[Round "4"]
[White "Foord,D"]
[Black "Knott,S"]
[Result "0-1"]
[WhiteElo "2043"]
[BlackElo "2348"]

1.d4 Nf6 2.c4 g6 3.Nc3 d5 4.cxd5 Nxd5 5.e4 Nxc3 6.bxc3 Bg7 7.Nf3 c5 8.Be2 Nc6
9.Be3 Bg4 10.Rb1 Bxf3 11.Bxf3 cxd4 12.cxd4 Bxd4 13.Bxd4 Nxd4 14.O-O b6 15.e5 Nxf3+
16.Qxf3 O-O 17.Qe3 Qd5 18.a4 Rfd8 19.Rb5 Qc4 20.Qa3 e6 21.g3 Rd4 22.Ra1 Rad8
23.Kg2 Rd1 24.Rxd1 Rxd1 25.Rb3 Qf1+ 26.Kf3 Rd2 27.Kg4 Rd4+ 28.f4 Qe2+ 29.Kg5 Kg7  0-1

[Event "Masters"]
[Site "Hastings ENG"]
[Date "2009.01.02"]
[Round "6"]
[White "Mitchell,M"]
[Black "Auckland,E"]
[Result "1/2-1/2"]
[WhiteElo "2169"]
[BlackElo "2017"]

1.d4 Nf6 2.c4 g6 3.Nc3 d5 4.cxd5 Nxd5 5.e4 Nxc3 6.bxc3 Bg7 7.Nf3 c5 8.Rb1 O-O
9.Be2 b6 10.O-O Qc7 11.Bg5 h6 12.Bh4 Qf4 13.Bxe7 Re8 14.Bh4 Bg4 15.e5 Nc6
16.Bg3 Qf5 17.h3 Bh5 18.Bh2 cxd4 19.g4 Bxg4 20.hxg4 Qxg4+ 21.Bg3 dxc3 22.Bb5 Rad8
23.Qa4 Qxa4 24.Bxa4 Re6 25.Rbc1 Nxe5 26.Nxe5 Bxe5 27.Bb3 Ree8 28.Ba4 Re6
29.Bb3 Ree8 30.Bxe5 Rxe5 31.Rxc3 Rg5+ 32.Rg3 Rxg3+ 33.fxg3 Rd7 34.Rf6 Kg7
35.Rc6 h5 36.Kf2 Kh6 37.Rf6 Kg7 38.Rf3 f5 39.Rc3 Kf6 40.Rc6+ Kg5 41.Be6 Rg7
42.Kf3 Rh7 43.Bb3 h4 44.gxh4+ Rxh4 45.Bf7 Rh3+ 46.Kg2 Rh6 47.Kg3 f4+ 48.Kf3 Kf5
49.Be6+ Ke5 50.Bg4 Rh2 51.Re6+ Kd4 52.Re4+ Kc5 53.Ra4 a5 54.Kxf4 Rd2 55.Ke3 Rb2
56.Be2 Rb4 57.Ra3 a4 58.Rc3+ Kd5 59.Bd3 g5 60.Rc8 Rh4 61.Be2 g4 62.Kf4 Rh2
63.Rc2 Kd4 64.Kg3 Rh3+ 65.Kxg4 Rc3 66.Rb2 Ra3 67.Rb4+ Kc3 68.Rxb6 Rxa2 69.Kf3 a3
70.Rc6+ Kb2 71.Ke3 Ra1 72.Kd2 Rg1 73.Rc2+ Kb1 74.Rc3 Kb2 75.Rc8 Rg2 76.Rb8+ Ka1
77.Re8 Kb2 78.Re7 a2 79.Rb7+ Ka1 80.Re7 Kb2 81.Rb7+ Ka1 82.Rc7 Kb2 83.Rc2+ Kb3
84.Rc1 Rxe2+ 85.Kxe2 Kb2 86.Kd2 a1=Q 87.Rxa1 Kxa1  1/2-1/2

[Event "Masters"]
[Site "Hastings ENG"]
[Date "2009.01.03"]
[Round "7"]
[White "Williams,Si1"]
[Black "Conquest,S"]
[Result "1/2-1/2"]
[WhiteElo "2494"]
[BlackElo "2526"]

1.d4 Nf6 2.c4 g6 3.Nc3 d5 4.cxd5 Nxd5 5.e4 Nxc3 6.bxc3 Bg7 7.Bc4 c5 8.Ne2 Nc6
9.Be3 O-O 10.O-O Bd7 11.Qd2 Qa5 12.Rab1 cxd4 13.cxd4 Qxd2 14.Bxd2 b6 15.Bc3 Rac8
16.Ba6 Rc7 17.d5 Nb8 18.Bxg7 Kxg7 19.Bd3 Rfc8 20.Rfc1 Ba4 21.Rxc7 Rxc7 22.Rc1 Rxc1+
23.Nxc1 g5 24.f3 Kf6 25.Kf2 Ke5 26.Ke3 f5 27.exf5 Kxd5 28.Ne2 Ke5 29.g4 Nd7
30.f4+ gxf4+ 31.Nxf4 Nc5 32.Bb1 Bd7 33.h4 e6 34.fxe6 Nxe6 35.Nd3+ Kd6 36.Nf2 h6
37.Ne4+  1/2-1/2

[Event "14th Open"]
[Site "Bosnjaci CRO"]
[Date "2009.01.04"]
[Round "2"]
[White "Sargac,R"]
[Black "Patarcic,D"]
[Result "1-0"]
[WhiteElo "2198"]
[BlackElo "2017"]

1.d4 Nf6 2.c4 g6 3.Nc3 d5 4.cxd5 Nxd5 5.e4 Nxc3 6.bxc3 Bg7 7.Nf3 c5 8.Be2 O-O
9.O-O Nc6 10.Be3 Qc7 11.d5 Na5 12.Qd2 e5 13.d6 Qc6 14.Rfd1 Be6 15.Ng5 Nc4
16.Bxc4 Bxc4 17.d7 Rfd8 18.Qd6 Qxd6 19.Rxd6 Bf8 20.Rd2 f6 21.Nh3 Be6 22.Rad1 b6
23.f4 Bg4 24.fxe5 Bxd1 25.Rxd1 fxe5 26.Bg5 h6 27.Bxd8 Rxd8 28.Rd5 Bg7 29.Nf2 Kf7
30.Nd3 Ke6 31.c4 Rxd7 32.Kf2 Bf6 33.Kf3 h5 34.h3 Rf7 35.g3 Rd7 36.g4 hxg4+
37.hxg4 a6 38.a4 a5 39.g5 Bg7 40.Nf2 Rf7+ 41.Ke3 Bf8 42.Ng4 Bg7 43.Nf2 Bf8
44.Ng4 Bg7 45.Rd1 Rd7 46.Rb1 Rd6 47.Nh2 Bf8 48.Nf3 Be7 49.Rh1 Rd8 50.Rh6 Rg8
51.Kf2 Bd8 52.Kg3 Bc7 53.Nh4 Kf7 54.Rh7+ Rg7 55.Rh8 Ke7 56.Rc8 Kd7 57.Rh8 Ke7
58.Kg4 Bd8 59.Nf3 Bc7 60.Rc8 Kd7 61.Rf8 Bd6 62.Rf6 Rg8 63.Nh4 b5 64.axb5 Be7
65.Ra6 Rf8 66.Nxg6 Rf1 67.Ra7+ Kd6 68.Nxe7 Rf4+ 69.Kh5 Rxe4 70.Nf5+ Ke6 71.Kg6 Rxc4
72.Re7+ Kd5 73.Ne3+ Kd6 74.Nxc4+ Kxe7 75.Kf5  1-0

[Event "XX Open"]
[Site "Roquetas de Mar ESP"]
[Date "2009.01.06"]
[Round "9"]
[White "Peralta,Fe"]
[Black "Fernandez Barrera,V"]
[Result "1-0"]
[WhiteElo "2545"]
[BlackElo "2284"]

1.d4 Nf6 2.c4 g6 3.Nc3 d5 4.cxd5 Nxd5 5.e4 Nxc3 6.bxc3 Bg7 7.Bc4 c5 8.Ne2 O-O
9.O-O Nc6 10.Be3 Bd7 11.Rb1 Rc8 12.Bd3 cxd4 13.cxd4 Na5 14.d5 b6 15.Ba6 Rc7
16.Bf4 Rc5 17.Be3 Rc7 18.Bf4 Rc5 19.Qd3 Bc8 20.Rfc1 Nb7 21.Bxb7 Rxc1+ 22.Rxc1 Bxb7
23.Rc7 Ba8 24.Rxa7 f5 25.d6 exd6 26.Bxd6 Kh8 27.Rxg7 Kxg7 28.Bxf8+ Qxf8 29.Qd4+ Kh6
30.exf5 Qxf5 31.Qxb6 Qd5 32.Qe3+ g5 33.Qb6+ Bc6 34.f3 Qc4 35.Qd4 Qe6 36.Kf2 Kg6
37.Qd3+ Kh6 38.Qd4 Bb5 39.Nc3 Ba6 40.h4 gxh4 41.Qxh4+ Kg6 42.Qe4+ Qxe4 43.Nxe4  1-0

[Event "6th ch-Mediterranean"]
[Site "Antalya TUR"]
[Date "2009.01.12"]
[Round "3"]
[White "Wirig,A"]
[Black "Atakisi,U"]
[Result "1-0"]
[WhiteElo "2464"]
[BlackElo "2393"]

1.d4 Nf6 2.c4 g6 3.Nc3 d5 4.cxd5 Nxd5 5.e4 Nxc3 6.bxc3 Bg7 7.Nf3 c5 8.Rb1 O-O
9.Be2 Nc6 10.d5 Ne5 11.Nxe5 Bxe5 12.c4 Qa5+ 13.Bd2 Qxa2 14.O-O Bd4 15.Bh6 Re8
16.Kh1 e6 17.f3 b6 18.Bd3 Bd7 19.Qc1 Qa6 20.Rd1 Qb7 21.Qf4 Qb8 22.d6 Qd8
23.e5 f6 24.Qg3 f5 25.h4 Ba4 26.Re1 Qd7 27.Re2 Kf7 28.Qg5 Qd8 29.Qf4 Rg8
30.Bg5 Qd7 31.g4 Ke8 32.gxf5 gxf5 33.Bxf5 Qf7 34.Be4 Qxf4 35.Bxf4 Rc8 36.Ra2 Bd7
37.Rxa7 Rg7 38.Rxb6  1-0

[Event "Bela Perenyi Mem"]
[Site "Budapest HUN"]
[Date "2009.01.14"]
[Round "6"]
[White "Paschall,W"]
[Black "Csapo,Z"]
[Result "1-0"]
[WhiteElo "2354"]
[BlackElo "2093"]

1.d4 Nf6 2.c4 g6 3.Nc3 d5 4.cxd5 Nxd5 5.e4 Nxc3 6.bxc3 Bg7 7.Nf3 c5 8.Rb1 Nc6
9.d5 Bxc3+ 10.Bd2 Bxd2+ 11.Qxd2 Nb8 12.h4 h6 13.Qc3 Rg8 14.Qxc5 Nd7 15.Qc3 Nf6
16.Bd3 Ng4 17.O-O b6 18.Rbc1 Bd7 19.e5 Kf8 20.Qd4 h5 21.Ng5 f6 22.exf6 exf6
23.Qb4+ Kg7 24.Rfe1 Re8 25.Qd6 Rc8 26.Nf3 Kf7 27.Qf4 Ne5 28.Rxe5 Rxc1+ 29.Qxc1 Rxe5
30.Nxe5+ fxe5 31.Qh6 Qg8 32.Qg5 Qg7 33.Qd8 Ba4 34.d6 e4 35.Bc4+  1-0

[Event "ch-PriFO"]
[Site "Kazan RUS"]
[Date "2009.01.21"]
[Round "1"]
[White "Ananchenko,I"]
[Black "Yandemirov,V"]
[Result "0-1"]
[WhiteElo "2166"]
[BlackElo "2474"]

1.d4 Nf6 2.c4 g6 3.Nc3 d5 4.cxd5 Nxd5 5.e4 Nxc3 6.bxc3 Bg7 7.Bc4 O-O 8.Ne2 c5
9.O-O Nc6 10.Be3 Na5 11.Bd3 b6 12.Rc1 e5 13.Qd2 cxd4 14.cxd4 exd4 15.Bh6 Bxh6
16.Qxh6 Qe7 17.f4 f5 18.Ng3 fxe4 19.Bxe4 Bb7 20.Rce1 Qg7 21.Qg5 Qf6 22.Qg4 Bxe4
23.Rxe4 Nc4 24.Re6 Ne3 25.Rxf6 Nxg4 26.Rd6 Rad8 27.Rxd8 Rxd8 28.Rd1 d3 29.Nf1 Nf6
30.Kf2 Ne4+ 31.Ke3 Nc5 32.Kd2 Rd4 33.g3 Ra4 34.h4 Rxa2+ 35.Kc3 Rc2+ 36.Kd4 d2
37.g4 Rc1 38.Ne3 Nb3+ 39.Kd3 a5 40.Ke2 a4  0-1